| 000 | 02684nam0 2200517 ib4500 | ||
|---|---|---|---|
| 001 | BY-MI0006-br8923837 | ||
| 005 | 20250826110816.0 | ||
| 010 |
^a978-5-902093-43-5 ^bв переплете ^d14р.21к. |
||
| 035 | ^a(BY-MI0006)BY-MI0006-br8923837 | ||
| 100 | ^a20250826d2019 m y0rusy50 ca | ||
| 101 | 0 | ^arus | |
| 102 | ^aRU | ||
| 105 | ^aach z 000yb | ||
| 109 | ^ada | ||
| 200 | 1 |
^aРодина Гагарина ^eдокументальная фотолетопись ^f[под общей редакцией: Н. А. Миронова, М. В. Степановой] |
|
| 210 |
^aГагарин ^aСмоленск ^cСвиток ^d2019 |
||
| 215 |
^a223 с. ^cил., портр., фот., факсим. ^d30 см |
||
| 300 | ^aДокументы, репродукции, фотографии из фондов Объединенного мемориального музея Ю. А. Гагарина. | ||
| 345 | ^9500 экз. | ||
| 600 | 1 |
^aГагарин ^bЮ. А. ^gЮрий Алексеевич ^f1934—1968 ^3BY-NLB-ar114150 |
|
| 601 | 0 | 2 |
^aОбъединенный мемориальный музей Ю. А. Гагарина ^cГагарин, Смоленская область ^3BY-SEK-985278 |
| 606 | 0 |
^aРОССИЙСКИЙ ^3BY-NLB-ar47032 ^2DVNLB |
|
| 606 | 0 |
^aСОВЕТСКИЙ ^3BY-NLB-ar30764 ^2DVNLB |
|
| 606 | 0 |
^aКОСМОНАВТЫ ^3BY-NLB-ar14902 ^2DVNLB |
|
| 606 | 0 |
^aЛЕТЧИКИ ^2DVNLB ^3BY-NLB-ar16111 |
|
| 606 | 0 |
^aКОСМОНАВТИКА ^3BY-NLB-ar14900 ^2DVNLB |
|
| 606 | 0 |
^aМЕМОРИАЛЬНЫЕ МУЗЕИ ^3BY-NLB-ar50737 ^2DVNLB |
|
| 606 | 0 |
^aМУЗЕЙНЫЕ ЭКСПОНАТЫ ^3BY-NLB-ar19159 ^2DVNLB |
|
| 606 | 0 |
^aАРХИВНЫЕ ДОКУМЕНТЫ ^3BY-NLB-ar2941 ^2DVNLB |
|
| 606 | 0 |
^aИСТОРИЯ ^2DVNLB ^3BY-NLB-ar2648372 |
|
| 607 |
^aРоссия ^3BY-NLB-ar28572 |
||
| 607 |
^aСмоленск, город (Смоленская область; Россия) ^3BY-NLB-ar30690 |
||
| 607 |
^aСмоленская область (Россия) ^3BY-NLB-ar30688 |
||
| 607 |
^aГагарин, город (Смоленская область ^3BY-NLB-ar2784184 |
||
| 607 |
^aГагаринский район (Смоленская область ^3BY-NLB-ar2784228 |
||
| 608 |
^aБИОГРАФИЧЕСКИЕ СВЕДЕНИЯ ^3BY-NLB-ar41900 ^2BYGNR |
||
| 660 | ^ae-ru | ||
| 686 |
^a26.89(2) + 63.3(2) ^2rubbk |
||
| 690 |
^a1 ^2Base ^9BY-MI0006 ^xRSEK |
||
| 702 | 1 |
^aМиронов ^bН. А. ^3BY-CNB-ar1030722 ^4340 |
|
| 702 | 1 |
^aСтепанова ^bМ. В. ^3BY-SEK-256711 ^4340 |
|
| 801 | 0 |
^aBY ^bBY-MI0006 ^c20250826 ^gRCR |
|
| 899 | 0 |
^aBY-MI0006 ^iР60 ^h26.89(2) |
|